000
002430000a22000970004500
100
1
_a
Llerena, Mario
245
1
0
_a
Meditación de la violencia
300
_a
Vol. 6, Núm 33 (1994), Páginas 18-19
773
0
_t
Impacto Presbiteriano
942
_c
ANA
999
_c
51003
_d
51003